Globalization and everyday life (Record no. 3657)

MARC details
000 -LEADER
fixed length control field 00542nam a22002057a 4500
003 - CONTROL NUMBER IDENTIFIER
control field OSt
005 - DATE AND TIME OF LATEST TRANSACTION
control field 20160420143529.0
008 - FIXED-LENGTH DATA ELEMENTS--GENERAL INFORMATION
fixed length control field 160420b xxu||||| |||| 00| 0 eng d
020 ## - INTERNATIONAL STANDARD BOOK NUMBER
International Standard Book Number 9780415340946
040 ## - CATALOGING SOURCE
Transcribing agency DDC
082 ## - DEWEY DECIMAL CLASSIFICATION NUMBER
Classification number 303.41 RAY 2007
100 ## - MAIN ENTRY--PERSONAL NAME
Personal name Ray, Larry.
9 (RLIN) 8136
245 ## - TITLE STATEMENT
Title Globalization and everyday life
260 ## - PUBLICATION, DISTRIBUTION, ETC. (IMPRINT)
Place of publication, distribution, etc. London; Routledge, 2007
300 ## - PHYSICAL DESCRIPTION
Extent xviii,238p; ill:19cm
504 ## - BIBLIOGRAPHY, ETC. NOTE
Bibliography, etc Notes, bibliographies, & index included
650 ## - SUBJECT ADDED ENTRY--TOPICAL TERM
Topical term or geographic name as entry element Globalization
9 (RLIN) 952
650 ## - SUBJECT ADDED ENTRY--TOPICAL TERM
Topical term or geographic name as entry element Sociology
9 (RLIN) 2259
942 ## - ADDED ENTRY ELEMENTS (KOHA)
Source of classification or shelving scheme Other/Generic Classification Scheme
Koha item type Open Shelf
Holdings
Withdrawn status Lost status Source of classification or shelving scheme Damaged status Not for loan Home library Current library Date acquired Source of acquisition Inventory number Total Checkouts Full call number Barcode Date last seen Koha item type
    Dewey Decimal Classification     MUST Main Library MUST Main Library 20/04/2016   15/38976   303.41 RAY 2007 2016-1085 20/04/2016 Open Shelf
    Dewey Decimal Classification     MUST Main Library MUST Main Library 20/04/2016   15/38977   303.41 RAY 2007 2016-1086 20/04/2016 Open Shelf